Catálogo

LA REGLA DE LAS FASES (Registro nro. 22817)

Detalles MARC
000 -LEADER
fixed length control field 00516nam a2200205 a 4500
001 - CONTROL NUMBER
control field 22817
005 - DATE AND TIME OF LATEST TRANSACTION
control field 20180713220757.0
008 - FIXED-LENGTH DATA ELEMENTS--GENERAL INFORMATION
fixed length control field 140415s1977 sp 000 0 spa d
020 ## - INTERNATIONAL STANDARD BOOK NUMBER
International Standard Book Number 8420501174
041 ## - LANGUAGE CODE
Language code of text/sound track or separate title spa
082 ## - DEWEY DECIMAL CLASSIFICATION NUMBER
Classification number 541.363
Item number FER
100 1# - MAIN ENTRY--PERSONAL NAME
Personal name FERGUSON, F. D.
245 13 - TITLE STATEMENT
Title LA REGLA DE LAS FASES
250 ## - EDITION STATEMENT
Edition statement 1a ed.
260 ## - PUBLICATION, DISTRIBUTION, ETC.
Place of publication, distribution, etc. ESPAÑA :
Name of publisher, distributor, etc. ALHAMBRA,
Date of publication, distribution, etc. 1977
300 ## - PHYSICAL DESCRIPTION
Extent 137
490 ## - SERIES STATEMENT
Series statement EXEDRA
Volume/sequential designation 38
650 14 - SUBJECT ADDED ENTRY--TOPICAL TERM
Topical term or geographic name entry element REGLA DE FASES Y EQUILIBRIO
700 1# - ADDED ENTRY--PERSONAL NAME
Personal name JONES, T. K.
Relator term coaut.
Existencias
Withdrawn status Lost status Source of classification or shelving scheme Damaged status Not for loan Collection code Home library Current library Shelving location Date acquired Source of acquisition Inventory number Total Checkouts Full call number Barcode Date last seen Price effective from Koha item type
    Dewey Decimal Classification     General Biblioteca Karol Wojtyla Biblioteca Karol Wojtyla Sala general 03/12/2013 Compra 151000000000000000038779   541.363 FER 43500 05/01/2026 03/12/2013 Libro